[Event "ENCI Limburg-open A"]
[Site "Maastricht"]
[Date "2012.05.27"]
[Round "5"]
[White "Klein, Felix"]
[Black "Schroer, Marcel"]
[Result "1/2-1/2"]
[WhiteElo "2286"]
[BlackElo "2091"]
[PlyCount "80"]
[EventDate "2012.05.25"]
[EventType "swiss"]
[EventRounds "7"]
[EventCountry "NED"]
[Source "P.Boonen"]
[SourceDate "2013.01.01"]

1. e4 c6 2. d4 d5 3. Nc3 dxe4 4. Nxe4 Bf5 5. Ng3 Bg6 6. h4 h6 7. Nf3 Nd7 8. h5
Bh7 9. Bd3 Bxd3 10. Qxd3 e6 11. Bf4 Qa5+ 12. Bd2 Qc7 13. O-O-O Ngf6 14. Ne4
O-O-O 15. g3 Nxe4 16. Qxe4 Bd6 17. Kb1 Rhe8 18. c4 c5 19. Qe2 Kb8 20. Bc3 cxd4
21. Nxd4 a6 22. Nf3 Nf6 23. Ne5 Ka8 24. f4 Bxe5 25. Bxe5 Qa5 26. g4 Rxd1+ 27.
Rxd1 Rd8 28. Rxd8+ Qxd8 29. Kc2 Qd7 30. Qd3 Qc8 31. Qe2 Qd7 32. b3 b6 33. Bxf6
gxf6 34. Qe4+ Ka7 35. Qh7 Qb7 36. Qxh6 Qe4+ 37. Kb2 Qd4+ 38. Ka3 Qd6+ 39. Kb2
Qd2+ 40. Kb1 Qd1+ 1/2-1/2

[Event "ENCI Limburg-open A"]
[Site "Maastricht"]
[Date "2012.05.27"]
[Round "5"]
[White "Koenig, Christian"]
[Black "Esser, Norbert"]
[Result "1/2-1/2"]
[WhiteElo "2121"]
[BlackElo "2175"]
[PlyCount "39"]
[EventDate "2012.05.25"]
[EventType "swiss"]
[EventRounds "7"]
[EventCountry "NED"]
[Source "P.Boonen"]
[SourceDate "2013.01.01"]

1. e4 c5 2. Nf3 Nc6 3. d4 cxd4 4. Nxd4 d5 5. Bb5 dxe4 6. Nxc6 Qxd1+ 7. Kxd1 a6
8. Ba4 Bd7 9. Nc3 Bxc6 10. Bxc6+ bxc6 11. Nxe4 e5 12. c3 f5 13. Ng3 g6 14. h4
Be7 15. h5 Nf6 16. hxg6 O-O-O+ 17. Ke2 hxg6 18. Bg5 Nd5 19. Bxe7 Nxe7 20. Rxh8
1/2-1/2

[Event "ENCI Limburg-open A"]
[Site "Maastricht"]
[Date "2012.05.27"]
[Round "5"]
[White "Leenhouts, Koen"]
[Black "In 't Veld, Daan"]
[Result "1-0"]
[WhiteElo "2384"]
[BlackElo "2215"]
[PlyCount "81"]
[EventDate "2012.05.25"]
[EventType "swiss"]
[EventRounds "7"]
[EventCountry "NED"]
[Source "P.Boonen"]
[SourceDate "2013.01.01"]

1. e4 c5 2. Nf3 e6 3. d3 d5 4. Nbd2 Nc6 5. g3 Bd6 6. Bg2 Nge7 7. O-O O-O 8. Re1
Bc7 9. c3 b6 10. e5 Ba6 11. Nf1 Ng6 12. d4 Bxf1 13. Rxf1 b5 14. h4 Re8 15. h5
Nf8 16. h6 g6 17. Bg5 Qb8 18. Nh2 Nd7 19. Ng4 Bd8 20. Bxd8 Qxd8 21. Qd2 Qe7 22.
f4 cxd4 23. cxd4 Qb4 24. Rfd1 Qxd2 25. Rxd2 Ne7 26. Bf1 a6 27. a4 Nf5 28. axb5
axb5 29. Rxa8 Rxa8 30. Bxb5 Nb6 31. Nf6+ Kh8 32. g4 Ne3 33. b3 Ra1+ 34. Kh2 g5
35. fxg5 Ra5 36. Be2 Ra1 37. Rd3 Nbc4 38. bxc4 dxc4 39. Rxe3 c3 40. g6 c2 41.
g7# 1-0

[Event "ENCI Limburg-open A"]
[Site "Maastricht"]
[Date "2012.05.27"]
[Round "5"]
[White "Majhi, Ankit"]
[Black "Coenen, Eduard"]
[Result "0-1"]
[WhiteElo "1909"]
[BlackElo "2042"]
[PlyCount "82"]
[EventDate "2012.05.25"]
[EventType "swiss"]
[EventRounds "7"]
[EventCountry "NED"]
[Source "P.Boonen"]
[SourceDate "2013.01.01"]

1. e4 g6 2. f4 d5 3. Nc3 dxe4 4. Nxe4 Bg7 5. Nf3 Nf6 6. Nxf6+ Bxf6 7. Bc4 O-O
8. d3 Nc6 9. O-O Na5 10. Bb3 c5 11. Qe1 Nxb3 12. axb3 a6 13. Bd2 Bxb2 14. Rb1
Bg7 15. Bc3 Bxc3 16. Qxc3 Qd6 17. Rbe1 Be6 18. Kh1 Qxf4 19. Qxc5 Rac8 20. Qxe7
Rc7 21. Qa3 Rxc2 22. Re4 Qf6 23. Kg1 Qb2 24. Qxb2 Rxb2 25. b4 Rd8 26. Ne5 Bd5
27. Rg4 h5 28. Rg3 Rxb4 29. Rc1 Rd6 30. Kf2 Kg7 31. Rc7 h4 32. Rg4 Rxg4 33.
Nxg4 Rc6 34. Rxc6 bxc6 35. g3 hxg3+ 36. hxg3 a5 37. Ke3 a4 38. Kd4 a3 39. Ne3
a2 40. Nc2 Kf6 41. Ke3 Kg5 0-1

[Event "ENCI Limburg-open A"]
[Site "Maastricht"]
[Date "2012.05.27"]
[Round "5"]
[White "Mengerink, Ynze"]
[Black "Broekmeulen, Joris"]
[Result "1-0"]
[WhiteElo "2137"]
[BlackElo "1999"]
[PlyCount "27"]
[EventDate "2012.05.25"]
[EventType "swiss"]
[EventRounds "7"]
[EventCountry "NED"]
[Source "P.Boonen"]
[SourceDate "2013.01.01"]

1. e4 d6 2. d4 Nf6 3. Nc3 Nbd7 4. f4 e5 5. Nf3 exd4 6. Qxd4 c6 7. Be3 d5 8.
exd5 Bc5 9. Qd3 Qe7 10. Nd4 Ng4 11. Nf5 Qf6 12. Qe4+ Kd8 13. dxc6 Re8 14. c7+
1-0

[Event "ENCI Limburg-open A"]
[Site "Maastricht"]
[Date "2012.05.27"]
[Round "5"]
[White "Mollema, Thomas"]
[Black "Balje, Jan"]
[Result "0-1"]
[WhiteElo "1917"]
[BlackElo "2175"]
[PlyCount "52"]
[EventDate "2012.05.25"]
[EventType "swiss"]
[EventRounds "7"]
[EventCountry "NED"]
[Source "P.Boonen"]
[SourceDate "2013.01.01"]

1. e4 c5 2. Nf3 e6 3. d4 cxd4 4. Nxd4 Nc6 5. Nc3 Qc7 6. Be2 a6 7. a4 Nf6 8. O-O
Bb4 9. Bf3 Ne5 10. Bf4 d6 11. Bxe5 dxe5 12. Nde2 O-O 13. Qc1 b6 14. Nd1 Bb7 15.
Ng3 Bc6 16. c3 Be7 17. Ne3 b5 18. axb5 axb5 19. Qc2 Bc5 20. Qe2 Rab8 21. Rfd1
Rfc8 22. b4 Be7 23. Nef1 Be8 24. Qe3 Qxc3 25. Qxc3 Rxc3 26. Rdb1 Rc4 0-1

[Event "ENCI Limburg-open A"]
[Site "Maastricht"]
[Date "2012.05.27"]
[Round "5"]
[White "Nabuurs, Joep"]
[Black "Hetey, Laszlo"]
[Result "0-1"]
[WhiteElo "2216"]
[BlackElo "2345"]
[PlyCount "86"]
[EventDate "2012.05.25"]
[EventType "swiss"]
[EventRounds "7"]
[EventCountry "NED"]
[Source "P.Boonen"]
[SourceDate "2013.01.01"]

1. e4 e5 2. Nf3 Nc6 3. Bb5 Nf6 4. d3 d6 5. c3 a6 6. Ba4 g6 7. O-O Bg7 8. Re1
O-O 9. Nbd2 b5 10. Bc2 Bb7 11. a4 Qd7 12. b3 b4 13. Bb2 Nh5 14. Nc4 Rae8 15. d4
bxc3 16. Bxc3 exd4 17. Nxd4 Ne5 18. Ne3 Nf4 19. Qd2 c5 20. Ne2 Nh3+ 21. Kf1 Ng5
22. Red1 Bxe4 23. Qxd6 Qxd6 24. Rxd6 Bxc2 25. Nxc2 Ne4 26. Rxa6 Nxc3 27. Nxc3
Ng4 28. Nd5 Bxa1 29. h3 Re5 30. Rd6 Re6 31. Rxe6 fxe6 32. hxg4 exd5 33. Nxa1
Re8 34. Nc2 d4 35. Ne1 Rb8 36. Nd3 Rxb3 37. Nxc5 Rc3 38. Ne4 Rc2 39. Ke1 Kf7
40. Ng5+ Kf6 41. Nxh7+ Ke5 42. g3 Ke4 43. Ng5+ Kd3 0-1

[Event "ENCI Limburg-open A"]
[Site "Maastricht"]
[Date "2012.05.27"]
[Round "5"]
[White "Perrenet, Jacob"]
[Black "Stiefel, Roland"]
[Result "0-1"]
[WhiteElo "2078"]
[BlackElo "2059"]
[PlyCount "80"]
[EventDate "2012.05.25"]
[EventType "swiss"]
[EventRounds "7"]
[EventCountry "NED"]
[Source "P.Boonen"]
[SourceDate "2013.01.01"]

1. Nc3 c5 2. d4 cxd4 3. Qxd4 Nf6 4. Bg5 Nc6 5. Qh4 d6 6. e4 a6 7. Bd3 e6 8. Nf3
Be7 9. O-O h6 10. Rad1 Qa5 11. Rfe1 O-O 12. e5 dxe5 13. Bxh6 e4 14. Bxg7 Kxg7
15. Qg3+ Kh8 16. Nxe4 Qh5 17. Neg5 Rg8 18. h4 Rg7 19. Be2 Qh6 20. Qf4 Kg8 21.
g3 Nd5 22. Qc1 f6 23. c4 Nc7 24. Ne4 Qxc1 25. Rxc1 f5 26. Neg5 Bc5 27. a3 a5
28. Kg2 e5 29. Rcd1 e4 30. Ng1 Be6 31. N1h3 Re8 32. Nf4 Bc8 33. Nd5 Nxd5 34.
cxd5 Ne5 35. d6 b6 36. f4 exf3+ 37. Bxf3 Bd7 38. Bd5+ Kf8 39. Rf1 Ng4 40. Rd3
Re2+ 0-1

[Event "ENCI Limburg-open A"]
[Site "Maastricht"]
[Date "2012.05.27"]
[Round "5"]
[White "Reymann, Cedric"]
[Black "Meurs, Tom"]
[Result "1-0"]
[WhiteElo "2138"]
[BlackElo "2246"]
[PlyCount "41"]
[EventDate "2012.05.25"]
[EventType "swiss"]
[EventRounds "7"]
[EventCountry "NED"]
[Source "P.Boonen"]
[SourceDate "2013.01.01"]

1. e4 e5 2. Nf3 Nc6 3. Nc3 Nf6 4. g3 d5 5. exd5 Nd4 6. Nxe5 Bd6 7. f4 Qe7 8.
Kf2 Bxe5 9. fxe5 Qc5 10. exf6 O-O 11. Kg2 Be6 12. Qh5 g6 13. Qg5 h6 14. Qe5
Rfe8 15. b4 Qxb4 16. Ba3 Qxa3 17. Qxd4 Rad8 18. Bc4 c6 19. Qh4 Bxd5+ 20. Bxd5
Rxd5 21. Qxh6 1-0

[Event "ENCI Limburg-open A"]
[Site "Maastricht"]
[Date "2012.05.27"]
[Round "5"]
[White "Ritsema, Ronald"]
[Black "Roufs, Gerard"]
[Result "1/2-1/2"]
[WhiteElo "2051"]
[BlackElo "2002"]
[PlyCount "47"]
[EventDate "2012.05.25"]
[EventType "swiss"]
[EventRounds "7"]
[EventCountry "NED"]
[Source "P.Boonen"]
[SourceDate "2013.01.01"]

1. Nf3 d5 2. d4 Nf6 3. c4 dxc4 4. e3 e6 5. Bxc4 c5 6. O-O a6 7. Qe2 b5 8. Bd3
cxd4 9. exd4 Be7 10. Bg5 O-O 11. Nc3 Nbd7 12. Rfe1 Bb7 13. Rad1 Nb6 14. a3 Rc8
15. Bxf6 Bxf6 16. Ne4 Bxe4 17. Qxe4 g6 18. h4 Nd5 19. h5 Bg7 20. hxg6 hxg6 21.
g3 Nf6 22. Qf4 Nh5 23. Qe4 Nf6 24. Qf4 1/2-1/2

[Event "ENCI Limburg-open A"]
[Site "Maastricht"]
[Date "2012.05.27"]
[Round "5"]
[White "Sarrau, Jelle"]
[Black "Rietman, Frits"]
[Result "1/2-1/2"]
[WhiteElo "2287"]
[BlackElo "2262"]
[PlyCount "41"]
[EventDate "2012.05.25"]
[EventType "swiss"]
[EventRounds "7"]
[EventCountry "NED"]
[Source "P.Boonen"]
[SourceDate "2013.01.01"]

1. d4 f5 2. Nf3 Nf6 3. Bg5 Ne4 4. Bf4 e6 5. Nbd2 Nxd2 6. Qxd2 d6 7. e4 fxe4 8.
Ng5 Be7 9. Nxe4 O-O 10. Bd3 Nc6 11. c3 Bd7 12. h4 Kh8 13. Ng5 e5 14. dxe5 dxe5
15. Be3 Bf5 16. Bxf5 Qxd2+ 17. Kxd2 Bxg5 18. hxg5 Rxf5 19. Rh4 g6 20. Rah1 Rf7
21. Ke2 1/2-1/2

[Event "ENCI Limburg-open A"]
[Site "Maastricht"]
[Date "2012.05.27"]
[Round "5"]
[White "Schleipfenbauer, Frank"]
[Black "Offringa, Joost"]
[Result "1-0"]
[WhiteElo "2073"]
[BlackElo "2107"]
[PlyCount "31"]
[EventDate "2012.05.25"]
[EventType "swiss"]
[EventRounds "7"]
[EventCountry "NED"]
[Source "P.Boonen"]
[SourceDate "2013.01.01"]

1. e4 e5 2. Nc3 Nf6 3. f4 d5 4. fxe5 Nxe4 5. d3 Qh4+ 6. g3 Nxg3 7. Nf3 Qh5 8.
Nxd5 Nxh1 9. Nxc7+ Kd8 10. Nxa8 Be7 11. Bg2 Bh4+ 12. Kf1 Nc6 13. d4 Bh3 14. Be3
Qf5 15. Kg1 Bxg2 16. Nxh4 1-0

[Event "ENCI Limburg-open A"]
[Site "Maastricht"]
[Date "2012.05.27"]
[Round "5"]
[White "Schmitz, Andreas Arnold"]
[Black "Thinius, Marco"]
[Result "0-1"]
[WhiteElo "2074"]
[BlackElo "2376"]
[PlyCount "134"]
[EventDate "2012.05.25"]
[EventType "swiss"]
[EventRounds "7"]
[EventCountry "NED"]
[Source "P.Boonen"]
[SourceDate "2013.01.01"]

1. e4 e5 2. Nc3 Nf6 3. Bc4 Nxe4 4. Qh5 Nd6 5. Qxe5+ Qe7 6. Qxe7+ Bxe7 7. Bb3
Nc6 8. Nf3 Nf5 9. O-O O-O 10. Re1 Bd8 11. d3 d6 12. Bg5 Bxg5 13. Nxg5 Bd7 14.
Re4 Ncd4 15. Nd5 h6 16. Ne7+ Nxe7 17. Rxe7 Nxb3 18. axb3 Rad8 19. Nf3 a6 20.
Rae1 Rfe8 21. Rxe8+ Bxe8 22. b4 Kf8 23. d4 Bc6 24. Nd2 g5 25. f3 f6 26. Kf2 Kf7
27. Nc4 Bd7 28. Ne3 Be6 29. g3 Rc8 30. d5 Bd7 31. Nc4 Re8 32. Ra1 f5 33. Ne3
Kf6 34. Re1 h5 35. h4 gxh4 36. gxh4 f4 37. Ng2 Rxe1 38. Nxe1 Bf5 39. c4 Ke5 40.
b3 b6 41. Ke2 Kd4 42. Ng2 Kc3 43. Nxf4 Kxb4 44. Nxh5 Kxb3 45. Ng7 Bh7 46. f4 a5
47. f5 a4 48. f6 Bg8 49. Ne6 a3 50. Kd2 a2 51. Nd4+ Kxc4 52. Nc2 Kxd5 53. Kc3
Ke5 54. Kb2 Kxf6 55. Na3 c6 56. Nc2 Bf7 57. h5 Bxh5 58. Kxa2 Ke5 59. Kb2 c5 60.
Kc3 b5 61. Kd2 d5 62. Ne1 b4 63. Nd3+ Kd4 64. Nf4 Bg4 65. Ng2 c4 66. Ne1 c3+
67. Kc2 Kc4 0-1

[Event "ENCI Limburg-open A"]
[Site "Maastricht"]
[Date "2012.05.27"]
[Round "5"]
[White "Smith, Thijmen"]
[Black "Wagener, Claude"]
[Result "1/2-1/2"]
[WhiteElo "2172"]
[BlackElo "2264"]
[PlyCount "42"]
[EventDate "2012.05.25"]
[EventType "swiss"]
[EventRounds "7"]
[EventCountry "NED"]
[Source "P.Boonen"]
[SourceDate "2013.01.01"]

1. e4 c5 2. Nf3 e6 3. d4 cxd4 4. Nxd4 Nc6 5. Nc3 d6 6. Be3 Nf6 7. f3 Be7 8. Qd2
O-O 9. O-O-O d5 10. exd5 Nxd5 11. Nxd5 Qxd5 12. Nxc6 Qxc6 13. Kb1 Qc7 14. Bg5
f6 15. Be3 Rd8 16. Qe1 e5 17. Rxd8+ Bxd8 18. Bd3 Be6 19. Qh4 g6 20. Qa4 Qf7 21.
b3 a6 1/2-1/2

[Event "ENCI Limburg-open A"]
[Site "Maastricht"]
[Date "2012.05.27"]
[Round "5"]
[White "Stone, Andrew M"]
[Black "Jeitz, Christian"]
[Result "1/2-1/2"]
[WhiteElo "2233"]
[BlackElo "2212"]
[PlyCount "61"]
[EventDate "2012.05.25"]
[EventType "swiss"]
[EventRounds "7"]
[EventCountry "NED"]
[Source "P.Boonen"]
[SourceDate "2013.01.01"]

1. c4 Nf6 2. g3 g6 3. Bg2 d5 4. cxd5 Nxd5 5. Nc3 Nb6 6. d3 Bg7 7. Be3 N8d7 8.
Qd2 h6 9. Nf3 Nf6 10. O-O Nbd5 11. Bd4 O-O 12. Nxd5 Nxd5 13. Bxg7 Kxg7 14. Rac1
c6 15. Rfd1 a5 16. Rc4 Nf6 17. Rh4 Rh8 18. e4 a4 19. e5 Nd5 20. Nd4 Qa5 21. Qe2
a3 22. Nb3 Qb5 23. Rc4 axb2 24. Qxb2 Be6 25. Qb1 Nc7 26. Nd4 Qxe5 27. Nxe6+
Nxe6 28. Qxb7 Rxa2 29. Qxc6 Ra1 30. Rxa1 Qxa1+ 31. Rc1 1/2-1/2

[Event "ENCI Limburg-open A"]
[Site "Maastricht"]
[Date "2012.05.27"]
[Round "5"]
[White "Tate, Emory"]
[Black "Bezemer, Arno"]
[Result "1/2-1/2"]
[WhiteElo "2307"]
[BlackElo "2354"]
[PlyCount "66"]
[EventDate "2012.05.25"]
[EventType "swiss"]
[EventRounds "7"]
[EventCountry "NED"]
[Source "P.Boonen"]
[SourceDate "2013.01.01"]

1. e4 c5 2. Nf3 d6 3. d4 cxd4 4. Nxd4 Nf6 5. Nc3 a6 6. f4 e5 7. Nf3 Nbd7 8. Bc4
b5 9. Bb3 Be7 10. a4 Bb7 11. Qe2 O-O 12. O-O Nc5 13. Rd1 Nfxe4 14. Nxe4 Bxe4
15. fxe5 Qc7 16. exd6 Bxd6 17. axb5 axb5 18. Rxa8 Bxa8 19. Bd5 Bxd5 20. Rxd5 b4
21. Qd1 Ne4 22. Be3 Rc8 23. Rd4 f5 24. Kf1 h6 25. Qd3 Bf8 26. Qb3+ Kh8 27. Qe6
Qxc2 28. Ne5 Ra8 29. Nf7+ Kh7 30. Qxf5+ g6 31. Ng5+ Kh8 32. Nf7+ Kh7 33. Ng5+
Kh8 1/2-1/2

[Event "ENCI Limburg-open A"]
[Site "Maastricht"]
[Date "2012.05.27"]
[Round "5"]
[White "Timmermans, Ivo"]
[Black "Schmitz, Manuela"]
[Result "1-0"]
[WhiteElo "2240"]
[BlackElo "2037"]
[PlyCount "87"]
[EventDate "2012.05.25"]
[EventType "swiss"]
[EventRounds "7"]
[EventCountry "NED"]
[Source "P.Boonen"]
[SourceDate "2013.01.01"]

1. e4 e6 2. d4 d5 3. Nc3 Bb4 4. e5 c5 5. a3 Bxc3+ 6. bxc3 Qc7 7. Qg4 f5 8. Qg3
Nc6 9. Nf3 Nge7 10. h4 Bd7 11. h5 O-O-O 12. h6 gxh6 13. Rxh6 Rdg8 14. Qh3 Rg4
15. Be3 cxd4 16. cxd4 Nxe5 17. Nd2 Qc3 18. Rd1 N5c6 19. Be2 Rg7 20. Kf1 f4 21.
Nb1 Qa5 22. Bd2 Qa4 23. Bg4 Qc4+ 24. Kg1 Qxc2 25. Rc1 Qe4 26. Re1 Qc2 27. Bxe6
Bxe6 28. Qxe6+ Kb8 29. Bxf4+ Ka8 30. Be5 Nxe5 31. Qxe5 Rhg8 32. g3 Nc6 33. Qe3
a6 34. Nc3 Qf5 35. Re6 Qh3 36. Re8+ Rxe8 37. Qxe8+ Ka7 38. Qf8 Rd7 39. Qc5+ Kb8
40. Re8+ Rd8 41. Qd6+ Ka7 42. Rxd8 Nxd8 43. Qxd8 Qh6 44. Qa5 1-0

[Event "ENCI Limburg-open A"]
[Site "Maastricht"]
[Date "2012.05.27"]
[Round "5"]
[White "Van Foreest, Jorden"]
[Black "Meyers, Mark"]
[Result "1-0"]
[WhiteElo "2175"]
[BlackElo "1918"]
[PlyCount "120"]
[EventDate "2012.05.25"]
[EventType "swiss"]
[EventRounds "7"]
[EventCountry "NED"]
[Source "P.Boonen"]
[SourceDate "2013.01.01"]

1. Nf3 c5 2. g3 b6 3. Bg2 Bb7 4. O-O Nf6 5. d3 d6 6. e4 Nbd7 7. Nc3 e6 8. Be3
Be7 9. h3 a6 10. a4 O-O 11. Qe2 d5 12. exd5 Nxd5 13. Nxd5 Bxd5 14. Rfd1 Qc7 15.
c4 Bb7 16. d4 cxd4 17. Bxd4 Rac8 18. Rac1 Bf6 19. Be3 Nc5 20. b4 Nxa4 21. Bd4
Bxd4 22. Nxd4 Bxg2 23. Kxg2 Qe7 24. Qd2 Qb7+ 25. Kg1 Rfd8 26. Qc2 b5 27. c5 Nb6
28. Nxb5 axb5 29. cxb6 Rf8 30. Qd3 Qxb6 31. Rxc8 Rxc8 32. Qd7 Qb8 33. Qe7 Re8
34. Qc5 h6 35. Rd7 Rf8 36. Kh2 g6 37. h4 Kg7 38. h5 gxh5 39. Qxh5 Qb6 40. Qf3
e5 41. Rb7 Qa6 42. Qg4+ Kh8 43. Qe4 Kg8 44. Kg2 Rd8 45. Qf3 Qe6 46. Rxb5 e4 47.
Qf4 Rd4 48. Re5 Qd6 49. Re8+ Kg7 50. Qxd6 Rxd6 51. Rxe4 Rb6 52. Rf4 Rb5 53. Kf3
f6 54. Ke3 Kf7 55. Kd3 Ke7 56. Kc4 Rb6 57. Kc5 Re6 58. b5 Kd7 59. Ra4 Re2 60.
f4 Re6 {.....} 1-0

[Event "ENCI Limburg-open A"]
[Site "Maastricht"]
[Date "2012.05.27"]
[Round "5"]
[White "Van Foreest, Lucas"]
[Black "Dalemans, Diana"]
[Result "1/2-1/2"]
[WhiteElo "1960"]
[BlackElo "1964"]
[PlyCount "41"]
[EventDate "2012.05.25"]
[EventType "swiss"]
[EventRounds "7"]
[EventCountry "NED"]
[Source "P.Boonen"]
[SourceDate "2013.01.01"]

1. d4 Nf6 2. c4 g6 3. Nc3 d5 4. cxd5 Nxd5 5. e4 Nxc3 6. bxc3 Bg7 7. Nf3 c5 8.
Be2 O-O 9. O-O b6 10. Be3 Bb7 11. Qc2 Qc7 12. d5 Nd7 13. a4 Rfe8 14. Bc4 Rad8
15. Rad1 Bc8 16. Qa2 Rf8 17. Qb3 Ne5 18. Nd2 Ng4 19. Nf3 Ne5 20. Nd2 Ng4 21.
Nf3 1/2-1/2

[Event "ENCI Limburg-open A"]
[Site "Maastricht"]
[Date "2012.05.27"]
[Round "5"]
[White "Van Gelder, Bart"]
[Black "Harff, Wilfried"]
[Result "1/2-1/2"]
[WhiteElo "2166"]
[BlackElo "2187"]
[PlyCount "64"]
[EventDate "2012.05.25"]
[EventType "swiss"]
[EventRounds "7"]
[EventCountry "NED"]
[Source "P.Boonen"]
[SourceDate "2013.01.01"]

1. d4 g6 2. e4 d6 3. Be3 Bg7 4. c3 c6 5. Nd2 f5 6. exf5 Bxf5 7. Ne2 Nf6 8. Ng3
Bg4 9. Qc2 Nbd7 10. h3 Be6 11. Bd3 Nf8 12. Nde4 Qd7 13. Nxf6+ exf6 14. h4 Bf7
15. h5 f5 16. hxg6 hxg6 17. Rxh8 Bxh8 18. O-O-O O-O-O 19. Kb1 Bd5 20. Bg5 Re8
21. f3 Ne6 22. Bc1 Nc7 23. Ne2 Bf7 24. Nf4 Bf6 25. Rg1 Ne6 26. Nxe6 Bxe6 27. g4
Bd8 28. b3 fxg4 29. fxg4 Bxg4 30. Bxg6 Rf8 31. Bd3 Bh4 32. Rf1 Rxf1 1/2-1/2

[Event "ENCI Limburg-open A"]
[Site "Maastricht"]
[Date "2012.05.27"]
[Round "5"]
[White "Van Kerkhof, David"]
[Black "Schilperoort, Jeroen"]
[Result "1-0"]
[WhiteElo "2288"]
[BlackElo "1951"]
[PlyCount "67"]
[EventDate "2012.05.25"]
[EventType "swiss"]
[EventRounds "7"]
[EventCountry "NED"]
[Source "P.Boonen"]
[SourceDate "2013.01.01"]

1. d4 e6 2. e4 d5 3. Nc3 Nc6 4. Nf3 Nf6 5. e5 Ne4 6. Bd3 Bb4 7. Bd2 Nxd2 8.
Qxd2 f6 9. a3 Bxc3 10. Qxc3 Bd7 11. O-O-O fxe5 12. dxe5 Qe7 13. h4 O-O-O 14. h5
Rdf8 15. Rde1 Rf4 16. Qd2 Qf8 17. Qe3 Kb8 18. Re2 Na5 19. Ng5 Nc4 20. Qg3 Nxa3
21. bxa3 Qxa3+ 22. Kd2 Qb4+ 23. c3 Qa4 24. Rb1 Rg4 25. Qe3 d4 26. cxd4 Rxd4 27.
Ke1 Rd8 28. Reb2 Bc6 29. Be2 h6 30. Nxe6 Re4 31. Qc3 Rd5 32. Rxb7+ Bxb7 33.
Qxc7+ Ka8 34. Qxb7# 1-0

[Event "ENCI Limburg-open A"]
[Site "Maastricht"]
[Date "2012.05.27"]
[Round "5"]
[White "Van Liempt, Michael"]
[Black "Van den Ouden, Lendert"]
[Result "1/2-1/2"]
[WhiteElo "1956"]
[BlackElo "1990"]
[PlyCount "29"]
[EventDate "2012.05.25"]
[EventType "swiss"]
[EventRounds "7"]
[EventCountry "NED"]
[Source "P.Boonen"]
[SourceDate "2013.01.01"]

1. e4 c6 2. Nc3 d5 3. Nf3 Bg4 4. h3 Bh5 5. d4 e6 6. exd5 cxd5 7. Bf4 Nc6 8. g4
Bg6 9. Bd3 Bd6 10. Ne2 Qc7 11. Bxd6 Qxd6 12. c3 Nf6 13. Ng3 Qf4 14. Qd2 Qxf3
15. Be2 1/2-1/2

[Event "ENCI Limburg-open A"]
[Site "Maastricht"]
[Date "2012.05.27"]
[Round "5"]
[White "Van Meegen, Ruud"]
[Black "De Wit, Albert"]
[Result "1/2-1/2"]
[WhiteElo "1958"]
[BlackElo "2042"]
[PlyCount "52"]
[EventDate "2012.05.25"]
[EventType "swiss"]
[EventRounds "7"]
[EventCountry "NED"]
[Source "P.Boonen"]
[SourceDate "2013.01.01"]

1. e4 g6 2. d4 Bg7 3. Nc3 c6 4. Bc4 b5 5. Bb3 b4 6. Nce2 d5 7. exd5 cxd5 8. Nf3
Nf6 9. O-O O-O 10. Ne5 Bb7 11. Nf4 Nc6 12. Be3 e6 13. Nfd3 Nxe5 14. dxe5 Nd7
15. f4 f6 16. exf6 Bxf6 17. Qd2 a5 18. c3 a4 19. Bc2 bxc3 20. bxc3 Qa5 21. Ne5
Nxe5 22. fxe5 Bxe5 23. Bd4 Bxd4+ 24. Qxd4 Qa7 25. Rxf8+ Kxf8 26. Rb1 Qxd4+
1/2-1/2

[Event "ENCI Limburg-open A"]
[Site "Maastricht"]
[Date "2012.05.27"]
[Round "5"]
[White "Van Osch, Mees"]
[Black "Friesen, Boris"]
[Result "1-0"]
[WhiteElo "2029"]
[BlackElo "2079"]
[PlyCount "111"]
[EventDate "2012.05.25"]
[EventType "swiss"]
[EventRounds "7"]
[EventCountry "NED"]
[Source "P.Boonen"]
[SourceDate "2013.01.01"]

1. e4 e5 2. Nf3 Nc6 3. Bb5 a6 4. Bxc6 dxc6 5. O-O f6 6. d4 exd4 7. Nxd4 Bd6 8.
Be3 Ne7 9. Nd2 O-O 10. c3 Ng6 11. Kh1 Qe7 12. Qc2 Ne5 13. f4 Ng4 14. Bg1 c5 15.
N4b3 Bd7 16. Rae1 Rae8 17. h3 Nh6 18. Na5 b6 19. Nac4 Bc6 20. Bh2 Qd7 21. Nf3
b5 22. Ncd2 c4 23. Re2 Bc5 24. Rd1 Qc8 25. b3 Qb7 26. bxc4 bxc4 27. Nd4 Bxd4
28. cxd4 Nf5 29. Qxc4+ Kh8 30. exf5 Bd5 31. Qd3 Bxa2 32. Rde1 Rxe2 33. Rxe2 Bd5
34. Bg1 a5 35. Qa3 Ra8 36. Qa4 c6 37. Ne4 Qb5 38. Nc3 Qxa4 39. Nxa4 Rb8 40. Be3
Rb4 41. Nc3 Bc4 42. Re1 a4 43. Ra1 Rb3 44. Bd2 a3 45. Be1 h6 46. Kg1 Kh7 47.
Kf2 a2 48. Ke3 Rb2 49. g3 Kg8 50. Bd2 Kf7 51. Ne4 Ke7 52. Bc3 Re2+ 53. Kf3 Rc2
54. Re1 Kd8 55. Ba1 Kc7 56. Ke3 1-0

[Event "ENCI Limburg-open A"]
[Site "Maastricht"]
[Date "2012.05.27"]
[Round "5"]
[White "Vandevoort, Pascal"]
[Black "Kampman, Tijmen"]
[Result "1-0"]
[WhiteElo "2391"]
[BlackElo "2116"]
[PlyCount "63"]
[EventDate "2012.05.25"]
[EventType "swiss"]
[EventRounds "7"]
[EventCountry "NED"]
[Source "P.Boonen"]
[SourceDate "2013.01.01"]

1. d4 g6 2. e4 Bg7 3. Nc3 c6 4. h3 d5 5. Nf3 dxe4 6. Nxe4 Nd7 7. Bd3 Ngf6 8.
Nxf6+ Nxf6 9. O-O O-O 10. Re1 Re8 11. Bf4 Qb6 12. Rb1 Bf5 13. Bxf5 gxf5 14. Be5
Rad8 15. Qc1 Ne4 16. Bxg7 Kxg7 17. Rxe4 fxe4 18. Qg5+ Kh8 19. Ne5 Rf8 20. Qxe7
c5 21. Nxf7+ Rxf7 22. Qxf7 cxd4 23. Qe7 e3 24. fxe3 dxe3 25. Re1 Rg8 26. Qe5+
Rg7 27. Rxe3 h6 28. Kh2 Kh7 29. Qf5+ Rg6 30. Re7+ Kh8 31. Qe5+ Kg8 32. Re8+ 1-0

[Event "ENCI Limburg-open A"]
[Site "Maastricht"]
[Date "2012.05.27"]
[Round "5"]
[White "Voicu Jagodzinsky, Carmen"]
[Black "Akstinat, Sven Holger"]
[Result "1-0"]
[WhiteElo "2278"]
[BlackElo "2122"]
[PlyCount "69"]
[EventDate "2012.05.25"]
[EventType "swiss"]
[EventRounds "7"]
[EventCountry "NED"]
[Source "P.Boonen"]
[SourceDate "2013.01.01"]

1. e4 c6 2. d4 d5 3. Nd2 dxe4 4. Nxe4 Bf5 5. Nc5 Qb6 6. Nf3 e6 7. Nd3 Nf6 8.
Be2 Nbd7 9. O-O c5 10. c3 Be7 11. dxc5 Nxc5 12. Nxc5 Bxc5 13. Qa4+ Ke7 14. Bg5
Rhd8 15. b4 Bd6 16. Rad1 a6 17. a3 Bg4 18. c4 Bxf3 19. Bxf3 Qc7 20. g3 h6 21.
Be3 Ne8 22. Qc2 Rac8 23. c5 Be5 24. Qe4 Rxd1 25. Rxd1 Rb8 26. a4 Nf6 27. Qd3 g5
28. b5 axb5 29. axb5 Ra8 30. b6 Qc8 31. Qb5 Ra1 32. Rxa1 Bxa1 33. c6 bxc6 34.
b7 Qb8 35. Bc5+ 1-0

[Event "ENCI Limburg-open A"]
[Site "Maastricht"]
[Date "2012.05.27"]
[Round "5"]
[White "Weber, Tom"]
[Black "Surewaard, Wilbert"]
[Result "1-0"]
[WhiteElo "2373"]
[BlackElo "2157"]
[PlyCount "45"]
[EventDate "2012.05.25"]
[EventType "swiss"]
[EventRounds "7"]
[EventCountry "NED"]
[Source "P.Boonen"]
[SourceDate "2013.01.01"]

1. c4 Nf6 2. g3 g6 3. Bg2 Bg7 4. Nc3 O-O 5. e4 c5 6. Nge2 Nc6 7. O-O Ne8 8. d3
Nc7 9. Be3 Ne6 10. Qd2 d6 11. Bh6 Ned4 12. Bxg7 Kxg7 13. f4 f5 14. Nxd4 Nxd4
15. exf5 gxf5 16. Rfe1 Rb8 17. Ne2 Nxe2+ 18. Rxe2 b5 19. Bd5 Bb7 20. Qc3+ Rf6
21. Rae1 Bxd5 22. Rxe7+ Bf7 23. R1e6 1-0